One Piece Characters A-Z - Statistics

General Stats
  • This quiz has been taken 114 times
  • The average score is 21 of 26
Answer Stats
Hint Answer % Correct
L Luffy/Law/Lili/Loki/Linlin/Lucci/Laboon/Laffitte/Lucky roo/Limejuice/Lola/LaoG/Lilith/Lindbergh
99%
C Cobra/Chopper/Caesar/Clover/CatViper/Carrot/Crocus/Crocodile/Cabaji/Chiffon/Compote/Charlos/Cracker/Cabaletta/Camie/Choo
98%
B Brook/Buggy/Buchi/Bellmere/Blueno/Bellamy/Burgess/Belo betty/Beckman/building snake/Bonney/Bege/Bentham/Bon Clay/Borsalino/Bluegrass/ Babanuki/Black maria/Barbel/Buffalo/Baby 5/bear king/Bullet/Brulee/Bogard
95%
K Kaido/Kid/Karoo/King/Kyros/Koby/Kuina/Kozaburo/Koshiro/Kaya/Kuro/Krieg/Kiku/Kureha/Kaku/Khalifa/Koala/Killer/Katakuri/Killingham/Kuzan/Kuma/ Kokoro/Kyo/Karasu
95%
R Robin/Reiju/Rebecca/Rouge/Roger/Rayleigh/Ryuma/Richie/Rosinante/Ryuboshi/Ragnir
95%
S Shanks/Sanji/Shamrock/Sora/Scarlet/Sabo/Sengoku/Smoker/Sham/Stussy/Shakuyaku/Shyarly/Sadi/Shiryu/Stronger/Sanjuan wolf/Streusen/Smoothie/ Snack/Sentomaru/Saturn/Sommers/Saul/Sakazuki/Sandersonia/Speed/ Sasaki/Spandam/Sukiyaki/Sugar/Senor pink/Sunbel/Shirahoshi/Shaka/ Shiki
95%
N Nika/Nami/Niji/Newgate/Nojiko/Nutmeg/Nusjuro/Neptune/Namule/Napoleon
94%
Z Zoro/Zeff/Zala/Zephyr/Zeus
93%
J Joyboy/Johnny/Jinbe/Judge/Jack/Jabra/Ju Peter/Jango/Jones/John
92%
A Ace/Arlong/Apoo/Aladine/Anana/Amande/Akimeg/Aramaki/Absalom/Atlas
91%
M Morgan/Morgans/Mihawk/Momonosuke/Marco/Magellan/Mohji/Monster/Montdor/Mars/Morley/Marigold/Moria/Momonga/Machvise/Monet/Manboshi /Marguerite/Marlon
86%
F Franky/Furiko/Fukuro/Fisher tiger/Funkfreed/Fullbody/Fukaboshi/Flampe
81%
D Dadan/DogStorm/Dalton/Domino/Devon/Doc Q/Dragon/Daz bones/Daifuku/Dellinger/Daisy/Diamante/Den
80%
U Usopp/Ushimaru/Urouge/Ulti
79%
V Vivi/Violet/Vista/Van augur/Vegapunk/Vasco shot/Vergo
78%
I Imu/Ichiji/Izo/Iceburg/Ivankov/Issho/Inazuma
75%
P Pell/Pound/Pedro/Pizarro/pez/Praline/Perospero/Pudding/Page one/Pandaman/Pica/Perona/Pythagoras/Prometheus
73%
H Harald/Hiyori/Hiriluk/Hancock/Hack/Hajrudin/Heat/Hawkins/Hina/Holedem/Hibari/Helmeppo/Hody jones/Heracles/Hatchan/Hogback/Hera
72%
G Gunko/Garling/Garp/Gaban/Genzo/Gloriosa/Gab/Galette/Grus/Gladius/Giolla/Gild tesoro/Gordon/Ganzui/Galette/Guernika
69%
T Teach/Tashigi/Toko/Tama/Toki/Thatch/Tom/Tritoma/Tsuru/Trebol/Tamago
69%
Y Yasopp/Yosaku/Yonji/Yorki/Yasuie/Yamato/York
68%
X Xebec/X Drake
64%
O Oden/Orochi/Olvia/Oars/Oven/Opera/Onimaru/Otohime/Ochoku
61%
E Enel/Eris/Edison/Eldoraggo
60%
W Wapol/Wire/Warcury/Who's who/Weevil
60%
Q Queen
55%
No matching quizzes found
Score Distribution
Percent of People with Each Score
Percentile by Number Answered
Your Score History
You have not taken this quiz